Aventuras de D. João e Cebolinha (Registo nº 3731)

Detalhes MARC
000 -Etiqueta do registo
Cabeçalho 00631nam0a2200217 4500
005 - Identificador da versão
Campo de controlo 20240813122041.0
100 ## - Dados gerais de processamento
Dados gerais de processamento 20170504d1985 c y0pory5003 ba
102 ## - Pais de publicação ou produção
País de publicação Portugal
101 0# - Língua de publicação
Língua do texto, banda sonora, etc. Português
215 ## - Descrição física 
Indicação específica da natureza do documento e extensão da espécie 48 p.
Outras indicações físicas todo il.
200 1# - Titulo e menção de responsabilidade
Título próprio Aventuras de D. João e Cebolinha
Primeira menção de responsabilidade Artur Correia
225 1# - Colecção 
Título próprio da colecção Antologia da banda desenhada portuguesa
Indicação de volume 14
210 ## - Publicação, Distribuição, etc. 
Lugar da edição, distribuição, etc. Lisboa
Nome do editor, distribuidor, etc. Futura
Data da publicação, distribuição, etc. cop. 1985
606 ## - Nome comum usado como assunto
Número de registo de entrada de autoridade 0001779
Palavra de ordem Literatura portuguesa
Subdivisão de assunto Banda desenhada
Código do sistema CA
675 ## - Classificação Decimal Universal (CDU)
Notação 821.134.3(084.11)
Edição 3ª ed.
Língua da edição por
700 #1 - Nome de autor-pessoa física (responsabilidade principal)
Número de registo de entrada de autoridade 0000121
Palavra de ordem Correia
Outra parte do nome não tomada para palavra de ordem Artur
966 ## - Identificação da Biblioteca
Sigla EBVEN
942 ## - Elementos de entrada adicionados (Koha)
Tipo de item no Koha Livro
Exemplares
Situação do levantamento Origin of item (home branch) (coded) Biblioteca de empréstimo Código de barras Cota Circulation type (not for loan) Tipo de documento Nota do exemplar Damaged status
  Biblioteca Escolar das Vendas Biblioteca Escolar das Vendas BEV576 8BD COR   Livro Sem mensagem